000
00242nam a2200097Ia 4500
001
717162
005
20250826162958.0
008
250824s9999 xx 000 0 und d
245
0
_a
DEMSAZ
_c
FAİK ÖZDENGÜL
260
_b
KARATAY AKADEMİ YAYINLARI
999
_c
717162
_d
717162